000 01061nas a2200349 4500
001 BR2015002900
003 BR-BrBNA
005 20231205125336.0
007 ta
008 230509b bl.|||p| |||| 00| 00por d
040 _aBR-BrBNA
_bpor
_cBiblioteca Nacional de Agricultura
041 _a(Pt)
072 _aN20
100 1 _aLopes, A.
100 1 _aCamara, F.T. da
100 1 _aLa Scala Júnior, N.
100 1 _aFurlani, C.E.A.
100 1 _aSilva, R.P. da
100 1 _aBarbosa, A.L.P.B.
245 1 _aDesempenho operacional de um protótipo "aerossolo"
246 1 _aOperational performance of an "aerossolo" prototype
650 _aMAQUINA AGRICOLA
650 _aEQUIPAMENTO AGRICOLA
650 _aPERFORMANCE
650 _aVELOCIDADE
650 _aCOMBUSTIVEL
650 _aTRATOR
773 0 _tEngenharia Agrícola (Brazil)
_xISSN 1809-4430
_g(Jan-Feb 2010), v. 30(1) p. 82-91
_wBR2015002900
856 4 0 _uhttp://www.scielo.br/pdf/eagri/v30n1/a09v30n1.pdf
909 _a202311
_bLúcia
_c55
_dLúcia Elande
942 _2AGRIS
_n0
_cANA
999 _c243887
_d243887